000 00783nab a2200253 u 4500
001 20608
003 HDC
007 cr bn ---aaaaa
008 210306c mydr|nes 0 a eng d
040 _aHDC
245 0 _aMITI semak proses, prosedur permudah bisnes
260 _aMalaysia :
_bBERITA HARIAN ,
_c2014
300 _a2 pages
336 _atext
_2rdacontent
337 _acomputer
_2rdamedia
338 _aonline resource
_2rdacarrier
650 _abusiness
_9207
650 _atrade sectors
_918575
710 _aBERITA HARIAN
856 _zRequest full-text at [email protected]
942 _2lcc
942 _cNEWS
942 _kNWSC 010292
999 _c17924
_d17924